[Event "AUTO-OPEN-610"]
[Site "http://www.queenalice.com/game.php?id=191860"]
[Date "2007.4.4"]
[Round "1"]
[White "Rasengan"]
[Black "laudimf"]
[Result "1-0"]
[WhiteElo "1801"]
[BlackElo "1488"]

1. d4 e6 2. e4 d5 3. e5 c5 4. c3 Nc6 5. Nf3 cxd4 6. cxd4 Qa5+ 7. Qd2 Qxd2+ 8.
Bxd2 Bb4 9. Bb5 Bxd2+ 10. Nbxd2 Ne7 11. O-O Bd7 12. Nb3 Nf5 13. Nc5 O-O-O 14.
Rac1 Kb8 15. Nxd7+ Rxd7 16. Bxc6 bxc6 17. Rxc6 Rc8 18. Rxc8+ Kxc8 19. Rc1+ 1-0

[Event "AUTO-OPEN-610"]
[Site "http://www.queenalice.com/game.php?id=191861"]
[Date "2007.4.4"]
[Round "1"]
[White "laudimf"]
[Black "Rasengan"]
[Result "0-1"]
[WhiteElo "1524"]
[BlackElo "1784"]

1. d4 Nf6 2. Nc3 g6 3. Nf3 d6 4. e4 Bg7 5. Bc4 O-O 6. Ng5 Bg4 7. f3 Bc8 8. Nxf7
Rxf7 9. Bxf7+ Kxf7 10. O-O c6 11. Be3 b6 12. e5 dxe5 13. dxe5 Qxd1 14. Raxd1
Nfd7 15. Bf4 Nxe5 16. Ne4 Bf5 17. Bxe5 Bxe5 0-1

[Event "AUTO-INT-450"]
[Site "http://www.queenalice.com/game.php?id=209152"]
[Date "2007.5.11"]
[Round "1"]
[White "franzjonas"]
[Black "Rasengan"]
[Result "0-1"]
[WhiteElo "1264"]
[BlackElo "1859"]

1. e4 Nf6 2. e5 Nd5 3. c4 Nb6 4. d4 d6 5. Bf4 Bf5 6. Nc3 Nc6 7. Nf3 dxe5 8. Nxe5
Nxe5 9. Bxe5 e6 10. Nb5 Bb4+ 11. Nc3 Bxc3+ 0-1

[Event "AUTO-INT-450"]
[Site "http://www.queenalice.com/game.php?id=209153"]
[Date "2007.5.11"]
[Round "1"]
[White "Rasengan"]
[Black "franzjonas"]
[Result "1-0"]
[WhiteElo "1859"]
[BlackElo "1350"]

1. e4 e5 2. Nf3 Nf6 3. Nc3 c5 4. Nxe5 Bd6 5. Nf3 O-O 6. Bc4 Nc6 7. O-O Ng4 8. d3
Nd4 9. Nxd4 Nxh2 10. Nf5 Qf6 11. Nd5 Qe5 12. f4 1-0

[Event "AUTO-INT-450"]
[Site "http://www.queenalice.com/game.php?id=209168"]
[Date "2007.5.11"]
[Round "1"]
[White "yoshi57"]
[Black "Rasengan"]
[Result "0-1"]
[WhiteElo "1436"]
[BlackElo "1857"]

1. b4 d5 2. c3 e5 3. e3 Nf6 4. a3 a6 5. Nf3 Bg4 6. Qa4+ b5 7. Qc2 Bxf3 8. gxf3
c5 9. Qb3 c4 10. Qc2 Be7 11. a4 Nbd7 12. d3 Nb6 13. axb5 axb5 14. Rxa8 Qxa8 15.
Na3 Qc6 16. Qa2 cxd3 17. Bxd3 Qxc3+ 18. Ke2 Bxb4 19. Bxb5+ Ke7 20. Bd2 Qxa3 21.
Bxb4+ Qxb4 22. Qa7+ Nfd7 0-1

[Event "AUTO-INT-450"]
[Site "http://www.queenalice.com/game.php?id=209169"]
[Date "2007.5.11"]
[Round "1"]
[White "Rasengan"]
[Black "yoshi57"]
[Result "1-0"]
[WhiteElo "1779"]
[BlackElo "1444"]

1. e4 e5 2. Nf3 d6 3. Bc4 h6 4. O-O Nf6 5. d3 Ng4 6. Nc3 f5 7. exf5 Bxf5 8. h3
h5 9. hxg4 hxg4 10. Ng5 Bg6 11. Qxg4 Be7 12. Ne6 Bh5 13. Nxg7+ Kf8 14. Nxh5 Nd7
15. Qg7+ Ke8 16. Qf7# 1-0

[Event "AUTO-OPEN-655"]
[Site "http://www.queenalice.com/game.php?id=209342"]
[Date "2007.5.11"]
[Round "1"]
[White "Rasengan"]
[Black "Steinarfyrsti"]
[Result "1-0"]
[WhiteElo "1753"]
[BlackElo "1520"]

1. e4 c5 2. Nf3 d6 3. Bb5+ Bd7 4. Bxd7+ Nxd7 5. O-O Ngf6 6. d3 Ne5 7. Nxe5 dxe5
8. Bg5 h6 9. Bh4 g5 10. Bg3 Nd7 11. Nc3 1-0

[Event "AUTO-OPEN-655"]
[Site "http://www.queenalice.com/game.php?id=209365"]
[Date "2007.5.11"]
[Round "1"]
[White "Rasengan"]
[Black "kloosterveen"]
[Result "0-1"]
[WhiteElo "1792"]
[BlackElo "1933"]

1. e4 e5 2. Nf3 d6 3. Bc4 Bg4 4. O-O Nf6 5. d3 Be7 6. Nc3 O-O 7. h3 Bh5 8. g4
Bg6 9. Nd5 Nxd5 10. Bxd5 c6 11. Bb3 Nd7 12. a3 Kh8 13. Be3 b6 14. Qd2 c5 15. Bg5
Bxg5 16. Qxg5 Qxg5 17. Nxg5 Rab8 18. h4 f6 19. Ne6 Rfc8 20. g5 fxg5 21. Nxg5 Rf8
22. Kg2 Bh5 23. c3 Be2 24. Rfe1 Bxd3 25. Rad1 c4 26. Rxd3 cxd3 27. Nf7+ Rxf7 28.
Bxf7 d2 29. Rd1 Rf8 30. Bd5 Rf4 31. Kg3 Nf6 32. f3 Nh5+ 33. Kf2 Rxh4 0-1

[Event "AUTO-OPEN-655"]
[Site "http://www.queenalice.com/game.php?id=209366"]
[Date "2007.5.11"]
[Round "1"]
[White "kloosterveen"]
[Black "Rasengan"]
[Result "1-0"]
[WhiteElo "1943"]
[BlackElo "1782"]

1. d4 Nf6 2. e3 g6 3. Nf3 d6 4. c4 Bg7 5. Be2 O-O 6. O-O c5 7. d5 e6 8. dxe6
Bxe6 9. Nc3 a6 10. Qb3 b6 11. Qd1 Nc6 12. a3 Nd7 13. Qxd6 Bxc3 14. bxc3 Nde5 15.
Qxd8 Rfxd8 16. Rb1 Rab8 17. Nxe5 Nxe5 18. e4 Bxc4 19. Bxc4 Nxc4 20. f3 Rd3 21.
Bf4 Rb7 22. Rfd1 Rxc3 23. a4 Ra3 24. Ra1 Rd7 25. Rdb1 Rxa1 26. Rxa1 f6 27. Kf2
Kf7 28. Kg3 g5 29. Bc1 h5 30. Kf2 Ke6 31. f4 1-0

[Event "AUTO-OPEN-655"]
[Site "http://www.queenalice.com/game.php?id=209367"]
[Date "2007.5.11"]
[Round "1"]
[White "Rasengan"]
[Black "Manago"]
[Result "0-1"]
[WhiteElo "1820"]
[BlackElo "1577"]

1. b3 d5 2. Bb2 Nc6 3. Nf3 Bg4 4. e3 Nf6 5. Be2 e5 6. h3 Bh5 7. Nxe5 Bxe2 8.
Qxe2 Nxe5 9. Bxe5 Bd6 10. Bxd6 Qxd6 11. Qb5+ Qc6 12. Qxc6+ bxc6 13. d3 O-O 14.
Nd2 c5 15. Ke2 Rfe8 16. g4 h6 0-1

[Event "AUTO-OPEN-655"]
[Site "http://www.queenalice.com/game.php?id=209368"]
[Date "2007.5.11"]
[Round "1"]
[White "Manago"]
[Black "Rasengan"]
[Result "1-0"]
[WhiteElo "1606"]
[BlackElo "1769"]

1. d4 Nf6 2. c4 g6 3. Nc3 Bg7 4. Nf3 d6 5. e3 O-O 6. Be2 c5 7. O-O cxd4 8. exd4
Nc6 9. Be3 Ng4 10. h3 Nxe3 11. fxe3 Bf5 12. Bd3 Bxd3 13. Qxd3 Rc8 14. Rac1 e6
15. Ne2 a6 16. b3 1-0

[Event "Bernobr"]
[Site "http://www.queenalice.com/game.php?id=213223"]
[Date "2007.5.19"]
[Round "1"]
[White "Rasengan"]
[Black "andreavb"]
[Result "1-0"]
[WhiteElo "1833"]
[BlackElo "1898"]

1. e4 e5 2. Nf3 d6 3. Bc4 c6 4. O-O Be7 5. d3 Nf6 6. Nc3 O-O 7. h3 Nbd7 8. Be3
Qc7 9. a4 b6 10. b4 Bb7 11. Ne2 d5 12. exd5 cxd5 13. Bb3 Bxb4 14. Ng3 Rad8 15.
Rb1 Bd6 16. Bg5 h6 17. Bd2 Nc5 18. Re1 Nxb3 19. cxb3 Rfe8 20. Rc1 Qb8 21. Nf5
Bc7 22. Bxh6 g6 23. Bg5 Re6 24. N5d4 exd4 25. Rxe6 fxe6 26. Bxf6 Re8 27. Qd2 Bf4
28. Qb2 Bxc1 29. Qxc1 Kf7 30. Ne5+ Kg8 31. Qh6 1-0

[Event "QA-ANNIV-03"]
[Site "http://www.queenalice.com/game.php?id=225719"]
[Date "2007.6.15"]
[Round "1"]
[White "Rasengan"]
[Black "shadrach"]
[Result "1-0"]
[WhiteElo "1806"]
[BlackElo "1867"]

1. e4 e5 2. Nf3 Nc6 3. Bb5 a6 4. Ba4 Nf6 5. d3 d6 6. Bxc6+ bxc6 7. Bg5 Be7 8.
O-O h6 9. Bh4 O-O 10. c4 Bg4 11. Nbd2 Rb8 12. b3 Nh5 13. Bxe7 Qxe7 14. h3 Bxf3
15. Nxf3 Nf4 16. Kh2 1-0

[Event "Challenge"]
[Site "http://www.queenalice.com/game.php?id=246174"]
[Date "2007.7.26"]
[Round "-"]
[White "ZERDAX"]
[Black "Rasengan"]
[Result "1-0"]
[WhiteElo "1619"]
[BlackElo "1848"]

1. e4 Nf6 2. e5 Nd5 3. c4 Nb6 4. d4 d6 5. exd6 exd6 6. Nc3 Be7 7. Bd3 O-O 8. Nh3
Bxh3 9. gxh3 Nc6 10. Qh5 g6 11. Rg1 1-0

[Event "QA-ANNIV-03"]
[Site "http://www.queenalice.com/game.php?id=246880"]
[Date "2007.7.27"]
[Round "2"]
[White "maeaton"]
[Black "Rasengan"]
[Result "1-0"]
[WhiteElo "2218"]
[BlackElo "1849"]

1. Nf3 d5 2. d4 Nf6 3. Bf4 b6 4. e3 e6 5. Bd3 c5 6. Nc3 c4 7. Nb5 Na6 8. Be2 Bd7
9. Nd6+ Bxd6 10. Bxd6 Bc6 11. Ba3 b5 12. c3 Rb8 13. Ne5 Bd7 14. O-O Bc8 15. Nc6
Qc7 16. Nxb8 Qxb8 17. b3 Qc7 18. f3 Nb8 19. e4 Nc6 20. Qd2 Ne7 21. e5 Nd7 22.
Bxe7 Kxe7 23. a4 a6 24. axb5 axb5 25. Qg5+ Kf8 26. Ra7 Qb6 27. Ra8 Qc7 28. Rfa1
h6 29. R1a7 hxg5 30. Rxc7 1-0

[Event "AUTO-INT-450"]
[Site "http://www.queenalice.com/game.php?id=280131"]
[Date "2007.10.2"]
[Round "2"]
[White "Rasengan"]
[Black "Random314"]
[Result "0-1"]
[WhiteElo "1715"]
[BlackElo "1644"]

1. e4 c5 2. Nf3 Nc6 3. Bb5 a6 4. Bxc6 dxc6 5. c4 f6 6. d3 e5 7. Nc3 b5 8. O-O b4
9. Na4 g5 10. b3 Bd6 11. a3 a5 12. Be3 Qe7 13. Nb6 Rb8 14. Nxc8 Rxc8 15. a4 g4
16. Nd2 Qe6 17. f3 g3 18. h3 h5 19. Re1 h4 20. Nf1 f5 21. Bc1 f4 22. Qc2 Qd7 23.
Bb2 Ne7 0-1

[Event "AUTO-INT-450"]
[Site "http://www.queenalice.com/game.php?id=280132"]
[Date "2007.10.2"]
[Round "2"]
[White "Random314"]
[Black "Rasengan"]
[Result "1-0"]
[WhiteElo "1623"]
[BlackElo "1736"]

1. e4 Nf6 2. e5 Nd5 3. d4 d6 4. Nc3 Nxc3 5. bxc3 dxe5 6. Nf3 Bg4 7. h3 Bxf3 8.
Qxf3 c6 9. Bc4 e6 10. O-O Bd6 11. Be3 Qf6 12. Qxf6 gxf6 13. Bh6 b5 14. Bd3 f5
15. Bg7 Rg8 16. Bxe5 Bxe5 17. dxe5 Nd7 18. f4 Rg3 19. Kh2 Rg7 20. a4 Nc5 21. a5
a6 22. Rfd1 Ke7 23. Rd2 Rgg8 24. c4 Rad8 25. Rad1 Nxd3 26. cxd3 1-0

[Event "AUTO-INT-450"]
[Site "http://www.queenalice.com/game.php?id=280133"]
[Date "2007.10.2"]
[Round "2"]
[White "Rasengan"]
[Black "menino27"]
[Result "0-1"]
[WhiteElo "1690"]
[BlackElo "1758"]

1. e4 c5 2. Nf3 e6 3. c3 Nc6 4. Bb5 Nge7 5. d4 cxd4 6. Bxc6 bxc6 7. cxd4 g6 8.
Nc3 f6 9. e5 fxe5 10. Nxe5 Bg7 11. Qf3 Nf5 12. g4 Bb7 13. gxf5 Bxe5 14. dxe5 Qc7
15. Bf4 c5 16. Qh3 Bxh1 17. f3 Qb7 18. fxg6 Qxb2 19. Rc1 O-O-O 20. Qf1 Bg2 0-1

[Event "AUTO-INT-450"]
[Site "http://www.queenalice.com/game.php?id=280134"]
[Date "2007.10.2"]
[Round "2"]
[White "menino27"]
[Black "Rasengan"]
[Result "1-0"]
[WhiteElo "1771"]
[BlackElo "1677"]

1. d4 Nf6 2. c4 g6 3. Nc3 Bg7 4. e3 O-O 5. Bd3 d6 6. Nge2 c5 7. dxc5 dxc5 8. O-O
Nc6 9. Ng3 Bg4 10. Qc2 Ne5 11. Be2 Bxe2 12. Ncxe2 Qd3 13. Qd1 Qxd1 14. Rxd1 Rfd8
15. Rxd8+ Rxd8 16. Nc3 Nd3 17. b3 Nxc1 18. Rxc1 Ng4 19. Nd5 e6 20. Nf4 Rd2 21.
f3 1-0